Euroatlantické partnerstvo NATO v dokumentoch z rokov 1990-1999
Na minha lista:
| Outros Autores: | |
|---|---|
| Formato: | Livro |
| Idioma: | eslovaco |
| Publicado em: |
Bratislava
Juga
2001
|
| Edição: | 2. vyd. |
| Assuntos: | |
| Tags: |
Sem tags, seja o primeiro a adicionar uma tag!
|
MARC
| LEADER | 00000nam a2200000 4500 | ||
|---|---|---|---|
| 001 | 0209011 | ||
| 005 | 20240318125546.8 | ||
| 020 | |a 80-89030-02-5 | ||
| 041 | 0 | |a slo | |
| 044 | |a SK | ||
| 245 | 1 | 0 | |a Euroatlantické partnerstvo |b NATO v dokumentoch z rokov 1990-1999 |c editor Štefan Šebesta |
| 250 | |a 2. vyd. | ||
| 264 | 1 | |a Bratislava |b Juga |c 2001 | |
| 300 | |a 383 s. | ||
| 610 | 2 | 0 | |a politika medzinárodná |
| 610 | 2 | 0 | |a NATO |
| 610 | 2 | 0 | |a vzťahy politické medzinárodné |
| 700 | 1 | |a Šebesta, Štefan | |